000
00281nam a22001217a 4500
008
180314b xxu||||| |||| 00| 0 eng d
041
_a
eng
080
_a
72
100
_a
41
101
_a
ARK
245
_a
Streets for people a primer for americans
_c
Rudofsky,B
942
_2
udc
_c
BK
999
_c
45055
_d
45055